| 000 | 00426nam a2200169Ia 4500 | ||
|---|---|---|---|
| 008 | 230725s2004 xx 000 0 und d | ||
| 041 | _aeng | ||
| 082 |
_a615 _bRIT/KEA |
||
| 100 | _aRITSCHEL WOLFGONG, KEAINS GREGORY | ||
| 245 | _aHANDBOOK OF BASIC PHARMACOKINETICS | ||
| 260 |
_bAPHA _c2004 |
||
| 300 | _a432 | ||
| 365 | _h20% | ||
| 500 | _aTEXT BOOK | ||
| 501 | _aBPCT | ||
| 650 | _aBIOPHARMACEUTICS & PHARMACOKINETICS | ||
| 999 |
_c769487 _d769487 |
||